Bytový dom

Guardado en:
Detalles Bibliográficos
Autor principal: Orosz, Miroslav (Autor)
Otros Autores: Jankovichová, Eva (Orientador)
Formato: Manuscrito Libro
Lenguaje:eslovaco
Publicado: 2021
Materias:
Acceso en línea:http://is.stuba.sk/zp/portal_zp.pl?podrobnosti=156352
https://opac.crzp.sk/?fn=detailBiblioForm&sid=C3156EBF8AB965AD2225DFC699AC
Etiquetas: Agregar Etiqueta
Sin Etiquetas, Sea el primero en etiquetar este registro!

MARC

LEADER 00000ntm a22000003a 4500
001 stuzp79617
003 SK-STU
005 20230515104832.5
007 ta
008 150427s2015----xo-----f-mn---000-0-slo-d
040 |a STU  |b slo 
041 0 |a slo 
100 1 |a Orosz, Miroslav  |u 010270  |4 aut  |U SvF Stavebná fakulta  |T SvF Katedra technológie stavieb  |X 81221  |U V270  |Y 28  |7 81221 
242 0 1 |a Residential House  |y eng 
245 1 0 |a Bytový dom 
260 |c 2021 
650 4 |a bytový dom  |2 slo 
650 4 |a jednoplášťová strecha  |2 slo 
650 4 |a schody  |2 slo 
650 4 |a flat house  |2 eng 
650 4 |a single-layer roof  |2 eng 
650 4 |a staircase  |2 eng 
700 1 |a Jankovichová, Eva  |u 010270  |k Z1  |4 ths  |U SvF Stavebná fakulta  |T SvF Katedra technológie stavieb  |X 647  |U V270  |Y 28  |7 A000000647 
856 4 |u http://is.stuba.sk/zp/portal_zp.pl?podrobnosti=156352 
856 4 |u https://opac.crzp.sk/?fn=detailBiblioForm&sid=C3156EBF8AB965AD2225DFC699AC